Macroeconomics: (Record no. 157811)

MARC details
000 -LEADER
fixed length control field 00712nam a22002057a 4500
005 - DATE AND TIME OF LATEST TRANSACTION
control field 20181003112552.0
010 ## - LCCN (DPL NO)
LC control number ENG-124156
020 ## - INTERNATIONAL STANDARD BOOK NUMBER
International Standard Book Number 9789386602091
Terms of availability 495.00
035 ## - SYSTEM CONTROL NUMBER
System control number EN-107688
037 ## - SOURCE OF ACQUISITION
Source of stock number/acquisition DBAD/PUB
082 00 - DEWEY DECIMAL CLASSIFICATION NUMBER
Classification number 339
100 ## - MAIN ENTRY--PERSONAL NAME
Personal name Banerjee, Sreejata
245 10 - TITLE STATEMENT
Title Macroeconomics:
Statement of responsibility, etc by Sreejata Banerjee [and] P. Nandakumar warrier
Remainder of title theories and applications for emerging economies /
260 ## - PUBLICATION, DISTRIBUTION, ETC. (IMPRINT)
Place of publication, distribution, etc New Delhi
Name of publisher, distributor, etc SAGE Publications,
Date of publication, distribution, etc 2018
270 ## - ADDRESS
Address B1/I-1 Mohan Cooperative Industrial Area, Mathura Road
City New Delhi
Postal code 110044
300 ## - PHYSICAL DESCRIPTION
Extent xx,482p.(I-1)
Dimensions 25cm.(pbk)
Other physical details ill.
500 ## - GENERAL NOTE
General note It includes index
700 ## - ADDED ENTRY--PERSONAL NAME
Personal name warrier, P. Nandakumar
942 ## - ADDED ENTRY ELEMENTS (KOHA)
Source of classification or shelving scheme Dewey Decimal Classification
Item type English Books
Classification part 339
Call number suffix BAN
Holdings
Withdrawn status Lost status Not for loan Collection code Home library Current library Date acquired Source of acquisition Cost, normal purchase price Full call number Barcode Copy number Cost, replacement price Koha item type
    Not For Loan Non-fiction D.B.Act.Division Sarojini Nagar 03/10/2018 DBAD/PUB 495.00 339 BAN EN-107688 1 495.00 English Books

© Delhi Public Library
Hit Counter
free hit counter